| 000 -CABECERA |
| campo de control de longitud fija |
01801nam a2200313 u 4500 |
| 001 - NÚMERO DE CONTROL |
| campo de control |
000048853 |
| 005 - FECHA Y HORA DE LA ÚLTIMA TRANSACCIÓN |
| campo de control |
20200120222618.0 |
| 008 - DATOS DE LONGITUD FIJA--INFORMACIÓN GENERAL |
| campo de control de longitud fija |
120508s2010 sp gr 000 | spa d |
| 020 ## - NÚMERO INTERNACIONAL ESTÁNDAR DEL LIBRO |
| Número Internacional Estándar del Libro |
9788434236752. |
| 043 ## - CÓDIGO DE ÁREA GEOGRÁFICA |
| Código de área geográfica |
e-sp--- |
| 082 04 - NÚMERO DE LA CLASIFICACIÓN DECIMAL DEWEY |
| Número de clasificación |
741.5 |
| Número de documento/Ítem |
S62 |
| Número de edición |
21 |
| 100 1# - ENTRADA PRINCIPAL--NOMBRE DE PERSONA |
| Nombre de persona |
Spencer Millidge, Gary. |
| 245 10 - MENCIÓN DE TÍTULO |
| Título |
Diseño de comic y novela gráfica : |
| Resto del título |
la guía esencial / |
| Mención de responsabilidad, etc. |
Gary Spencer Millidge ; coordinación editorial Tomàs Ubach ; traducción Carolina Sánchez Opazo ; prólogo de Dave Gibbons. |
| 250 ## - MENCIÓN DE EDICIÓN |
| Mención de edición |
1a. ed. |
| 260 ## - PUBLICACIÓN, DISTRIBUCIÓN, ETC. |
| Lugar de publicación, distribución, etc. |
Barcelona (España) : |
| Nombre del editor, distribuidor, etc. |
Parramón, |
| Fecha de publicación, distribución, etc. |
2010. |
| 300 ## - DESCRIPCIÓN FÍSICA |
| Extensión |
160 p. : |
| Otras características físicas |
il., col. |
| 490 #0 - MENCIÓN DE SERIE |
| Mención de serie |
Parramón |
| -- |
Arquitectura y diseño |
| 500 ## - NOTA GENERAL |
| Nota general |
Título original : Cómic book desing. |
| 500 ## - NOTA GENERAL |
| Nota general |
Subtítulo tomado de la cubierta. |
| 500 ## - NOTA GENERAL |
| Nota general |
Incluye índice de contenidos. |
| 520 3# - SUMARIO, ETC. |
| Sumario, etc. |
"Esta obra es una excelente guía de cómo abordar el diseño, tanto de la idea del relato como del diseño de los personajes y de la página de un cómic o bien de una novela gráfica, pues el límite entre ambos es bien sutil, hasta el tratamiento del color y el diseño de cubiertas, logos y encabezamientos de cara a la publicación comercial. El autor, un notable especialista, ha hechos una cuidada y bien seleccionada muestra de cómics y novela gráfica de todos los tiempos y de todos los estilos, que lo asemeja a una historia del cómic aun sin serlo. Ello, junto con una atractiva diagramación, hacen de esta obra un libro muy recomendable por su rigor, sus ejemplos y su presentación." |
| 650 14 - PUNTO DE ACCESO ADICIONAL DE MATERIA--TÉRMINO DE MATERIA |
| Término de materia o nombre geográfico como elemento de entrada |
Novela gráfica |
| Subdivisión general |
Técnica. |
| 650 24 - PUNTO DE ACCESO ADICIONAL DE MATERIA--TÉRMINO DE MATERIA |
| Término de materia o nombre geográfico como elemento de entrada |
Tiras cómicas, historietas, etc. |
| 650 24 - PUNTO DE ACCESO ADICIONAL DE MATERIA--TÉRMINO DE MATERIA |
| Término de materia o nombre geográfico como elemento de entrada |
Humorismo gráfico. |
| 650 24 - PUNTO DE ACCESO ADICIONAL DE MATERIA--TÉRMINO DE MATERIA |
| Término de materia o nombre geográfico como elemento de entrada |
Caricaturas. |
| 700 1# - PUNTO DE ACCESO ADICIONAL--NOMBRE DE PERSONA |
| Nombre de persona |
Ubach, Tomás, |
| Fechas asociadas al nombre |
ed. |
| 700 1# - PUNTO DE ACCESO ADICIONAL--NOMBRE DE PERSONA |
| Nombre de persona |
Sánchez Opazo, Carolina, |
| Término indicativo de función/relación |
tr. |
| 700 1# - PUNTO DE ACCESO ADICIONAL--NOMBRE DE PERSONA |
| Nombre de persona |
Gibbons, Dave, |
| Término indicativo de función/relación |
pról. |